000 00529nam a2200193Ia 4500
999 _c8605
_d8605
003 OSt
005 20201007125455.0
008 190216s9999||||xx |||||||||||||| ||und||
020 _a9780201327540
040 _coclc
082 _a005.74
_bDAT/I
100 _aDate, C J
_95351
245 0 _aAn Introduction To Database Systems /
_cC J Date
250 _a6th Ed.
260 _bAddison-Wesley,
_c1998.
_aNew York:
300 _a839p
650 _aComputer
942 _cBK
_2ddc
_h005.74
_iDAT/I
_k005.74
_mDAT/I